Normal view
MARC view
Entry Personal Name
001 - CONTROL NUMBER
- control field: 5137
003 - CONTROL NUMBER IDENTIFIER
- control field: ARRUPE
005 - DATE AND TIME OF LATEST TRANSACTION
- control field: 20131204140804.0
008 - FIXED-LENGTH DATA ELEMENTS
- fixed length control field: 131204|| aca||aabn | a|a d
040 ## - CATALOGING SOURCE
- Original cataloging agency: ARRUPE
- Transcribing agency: ARRUPE
100 ## - HEADING--PERSONAL NAME
- Personal name: Lyman, Eugene William,
- Dates associated with a name: 1872-
670 ## - SOURCE DATA FOUND
- Source citation: Work cat.: (ARRUPE)0: Lyman, Eugene William, 1872-, The meaning and truth of religion,, 1933.